ბათუმის შოთა რუსთაველის სახელმწიფო უნივერსიტეტის ბიბლიოთეკა

გარდატეხა = SWITCH : (ბიბ.ჩანაწერი № 40657)

000 -ლიდერი
ფიქსირებული სიგრძის საკონტროლო ველი 01163nam a2200265Ia 4500
001 - საკონტროლო ნომერი
საკონტროლო ველი 7285
003 - საკონტროლო ნომრის იდენტიფიკატორი
საკონტროლო ველი GE_BSU
005 - ბოლო ოპერაციის თარიღი და დრო
საკონტროლო ველი 20231114164850.0
008 - ფიქსირებული სიგრძის მონაცემთა ელემენტები - ზოგადი ინფორმაცია
ფიქსირებული სიგრძის საკონტროლო ველი 181216s2013||||ge |||||||||||||| ||geo||
020 ## - წიგნის საერთაშორისო სტანდარტული ნომერი
International Standard Book Number 9789941442391
040 ## - კატალოგიზაციის წყარო
Transcribing agency GE_BSU
041 ## - ენის კოდი
Language code of text/sound track or separate title geo
080 ## - უნივერსალური ათობითი კლასიფიკაციის ინდექსი
Universal Decimal Classification number 15.9 ჰ-57
100 ## - მთავარი ჩანაწერი - პიროვნების სახელი
Personal name ჰითი, ჩიპ
9 (RLIN) 20376
245 ## - ცნობა სათაურის შესახებ
Title გარდატეხა = SWITCH :
Remainder of title როგორ გავატაროთ ცვლილება, როცა ეს ასე რთულია /
Statement of responsibility, etc ჩიპ ჰითი, დენ ჰითი ; მთარგმნელი სოფიო გიორგობიანი.
260 ## - გამოქვეყნების, გავრცელების, და სხვა. ცნობები
Place of publication, distribution, etc .
264 ## - წარმოების, გამოცემის, დისტრიბუციის და სხვა ცნობები
გამოცემის, წარმოების, დისტრიბუციის... ადგილი თბილისი :
გამოცემის, წარმოების, დისტრიბუციის... სახელწოდება საუნჯე,
გამოცემის, წარმოების, დისტრიბუციის... თარიღი 2013.
300 ## - ფიზიკური აღწერა
Extent 366 გვ. ;
Dimensions 20 სმ.
653 ## - INDEX TERM--UNCONTROLLED
Uncontrolled term გარდატეხა
653 ## - INDEX TERM--UNCONTROLLED
Uncontrolled term როგორ გავატაროთ ცვლილება, როცა ეს ასე რთულია
700 ## - ADDED ENTRY--PERSONAL NAME
Personal name ჰითი, დენ
Relator term ავტორი
9 (RLIN) 20377
700 ## - ADDED ENTRY--PERSONAL NAME
Personal name გიორგობიანი, სოფიო
Relator term მთარგმნელი
9 (RLIN) 20378
942 ## - ADDED ENTRY ELEMENTS (KOHA)
Koha item type წიგნი
Source of classification or shelving scheme
ეგზემპლარები
ჩამოწერის სტატუსი დაკარგული ეგზემპლარის სტატუსი კლასიფიკაციის წყარო ან თაროზე გაწყობის სქემა დაზიანების სტატუსი არ გაიცემა მუდმივი მდებარეობა (დაცვის ადგილი) ამჟამინდელი ადგილსამყოფელი თაროზე განთავსების ადგილი შეძენის თარიღი ღირებულება, შესყიდვის ნორმალური ფასი სრული შენახვის შიფრი შტრიხკოდი ბოლო ოპერაციის თარიღი ეგზემპლარის მიმდევრობითი ნომერი (კეტერი?) ფასის ძალაში შესვლის თარიღი ეგზემპლარის სახეობა საჯარო შენიშვნა
          ბათუმის შოთა რუსთაველის სახელმწიფო უნივერსიტეტის მთავარი ბიბლიოთეკა ბათუმის შოთა რუსთაველის სახელმწიფო უნივერსიტეტის მთავარი ბიბლიოთეკა წიგნსაცავი 2018-12-17 2.00 15.9 ჰ-57 23143 2018-12-17 23143 2018-12-17 წიგნი 2.00 ₾.